Score 0/18 Timer 05:00
0 Plays Today
Character % Correct
Blossom
91%
Bubbles
87.7%
Mojo Jojo
84.2%
Buttercup
83.2%
Professor Utonium
80.7%
Mayor
78.4%
HIM
59.4%
Miss Bellum
48%
Princess Morbucks
44.9%
Character % Correct
Fuzzy Lumpkins
39.4%
Miss Keane
35.8%
Sedusa
27.7%
Snake
26.9%
Ace
23.1%
Big Billy
22.2%
Elmer
21.6%
Lil' Arturo
16.6%
Grubber
16.4%
Remove Ads.
Support Sporcle.
Get the best of Sporcle when you Go Orange. This ad-free experience offers more features, more stats, and more fun while also helping to support Sporcle. Thank you for becoming a member.

You're not logged in!

Compare scores with friends on all Sporcle quizzes.
OR
Log In

Show Comments

Extras

Top Quizzes Today


Score Distribution

Your Account Isn't Verified!

In order to create a playlist on Sporcle, you need to verify the email address you used during registration. Go to your Sporcle Settings to finish the process.

Report this User

Report this user for behavior that violates our Community Guidelines.

Details: